000 00614cam a2200241 4500
001 ABS65110
008 020305n2002 000 0 eng u
035 _a(Sirsi) u117006
245 _aFocus 2002: Norfolk and Suffolk
260 _c2002
490 _aEstates Gazette
_v(0207) 16 February 2002, 71-79(11)
590 _aABS
650 _aOFFICES
650 _aRETAIL
650 _aINDUSTRIAL
650 _aNORWICH
650 _aRESIDENTIAL
650 _aGREAT YARMOUTH
650 _aHARBOURS
650 _aIPSWICH
690 _aPROPERTY-COMMERCIAL PROPERTY-COMMERCIAL PROPERTY MARKET
942 _n0
999 _c69696
_d69696